All The Songs From Taylor Swift's Albums - Statistics

General Stats
  • This quiz has been taken 66 times
  • The average score is 175 of 249
Answer Stats
Album Track # Answer % Correct
Lover 16 ME! (feat. Brendon Urie of Panic! At the Disco)
95%
Taylor Swift (Deluxe) 1 Tim McGraw
95%
Fearless (Taylor's Version) 1 Fearless
90%
Fearless (Taylor's Version) 3 Love Story
90%
Taylor Swift (Deluxe) 10 Mary's Song (Oh My My My)
90%
Speak Now (Taylor's Version) 15 Ours
90%
Fearless (Taylor's Version) 2 Fifteen
85%
Taylor Swift (Deluxe) 13 Invisible
85%
Lover 3 Lover
85%
Taylor Swift (Deluxe) 11 Our Song
85%
Taylor Swift (Deluxe) 2 Picture to Burn
85%
1989 (Taylor's Version) 6 Shake It Off
85%
Taylor Swift (Deluxe) 3 Teardrops On My Guitar
85%
Fearless (Taylor's Version) 5 White Horse
85%
Fearless (Taylor's Version) 6 You Belong With Me
85%
Red (Taylor's Version) 6 22
80%
Red (Taylor's Version) 5 All Too Well
80%
Red (Taylor's Version) 30 All Too Well (10 Minute Version)
80%
1989 (Taylor's Version) 5 All You Had To Do Was Stay
80%
folklore 8 august
80%
Speak Now (Taylor's Version) 3 Back to December
80%
Speak Now (Taylor's Version) 10 Better Than Revenge
80%
folklore 14 betty
80%
reputation 14 Call It What You Want
80%
folklore 2 cardigan
80%
1989 (Taylor's Version) 13 Clean
80%
Lover 2 Cruel Summer
80%
Speak Now (Taylor's Version) 5 Dear John
80%
Red (Taylor's Version) 20 State Of Grace (Acoustic Version)
80%
reputation 4 Don't Blame Me
80%
reputation 12 Dress
80%
reputation 9 Getaway Car
80%
Speak Now (Taylor's Version) 19 I Can See You
80%
1989 (Taylor's Version) 21 Is It Over Now?
80%
Midnights (Til Dawn Edition) 11 Karma
80%
Midnights (Til Dawn Edition) 23 Karma (feat. Ice Spice)
80%
Speak Now (Taylor's Version) 14 Long Live
80%
reputation 6 Look What You Made Me Do
80%
Speak Now (Taylor's Version) 1 Mine
80%
Fearless (Taylor's Version) 22 Mr. Perfectly Fine
80%
reputation 15 New Year's Day
80%
Red (Taylor's Version) 2 Red
80%
reputation 7 So It Goes...
80%
Speak Now (Taylor's Version) 2 Sparks Fly
80%
Speak Now (Taylor's Version) 4 Speak Now
80%
Red (Taylor's Version) 1 State of Grace
80%
Speak Now (Taylor's Version) 16 Superman
80%
Speak Now (Taylor's Version) 7 The Story of Us
80%
reputation 13 This Is Why We Can't Have Nice Things
80%
1989 (Taylor's Version) 11 This Love
80%
Midnights (Til Dawn Edition) 3 Anti-Hero
75%
1989 (Taylor's Version) 2 Blank Space
75%
evermore 2 champagne problems
75%
Taylor Swift (Deluxe) 5 Cold As You
75%
Lover 9 Cornelia Street
75%
reputation 11 Dancing With Our Hands Tied
75%
reputation 5 Delicate
75%
Speak Now (Taylor's Version) 20 Castles Crumbling (feat. Hayley Williams)
75%
Midnights (Til Dawn Edition) 4 Snow on the Beach (feat. Lana Del Rey)
75%
Midnights (Til Dawn Edition) 22 Snow On The Beach (feat. More Lana Del Rey)
75%
Speak Now (Taylor's Version) 17 Electric Touch (feat. Fall Out Boy)
75%
reputation 2 End Game (feat. Ed Sheeran & Future)
75%
Red (Taylor's Version) 14 Everything Has Changed (feat. Ed Sheeran)
75%
Lover 13 False God
75%
Fearless (Taylor's Version) 11 Forever & Always
75%
Fearless (Taylor's Version) 16 Forever & Always (Piano Version)
75%
Fearless (Taylor's Version) 4 Hey Stephen
75%
Speak Now (Taylor's Version) 13 Last Kiss
75%
Midnights (Til Dawn Edition) 1 Lavender Haze
75%
Speak Now (Taylor's Version) 6 Mean
75%
Midnights (Til Dawn Edition) 6 Midnight Rain
75%
folklore 6 mirrorball
75%
folklore 5 my tears ricochet
75%
1989 (Taylor's Version) 19 Now That We Don't Talk
75%
Lover 8 Paper Rings
75%
Midnights (Til Dawn Edition) 16 Paris
75%
reputation 1 ...Ready For It?
75%
Red (Taylor's Version) 28 Run (feat. Ed Sheeran)
75%
folklore 7 seven
75%
Taylor Swift (Deluxe) 9 Should've Said No
75%
1989 (Taylor's Version) 17 "Sl*t!"
75%
1989 (Taylor's Version) 3 Style
75%
1989 (Taylor's Version) 20 Suburban Legends
75%
Fearless (Taylor's Version) 18 Superstar
75%
folklore 1 the 1
75%
Lover 5 The Archer
75%
Lover 4 The Man
75%
Taylor Swift (Deluxe) 6 The Outside
75%
1989 (Taylor's Version) 1 Welcome To New York
75%
Speak Now (Taylor's Version) 18 When Emma Falls in Love
75%
1989 (Taylor's Version) 9 Wildest Dreams
75%
evermore 1 willow
75%
1989 (Taylor's Version) 14 Wonderland
75%
1989 (Taylor's Version) 15 You Are In Love
75%
Lover 15 Afterglow
70%
Red (Taylor's Version) 24 Babe
70%
1989 (Taylor's Version) 8 Bad Blood
70%
1989 (Taylor's Version) 22 Bad Blood (feat. Kendrick Lamar)
70%
Midnights (Til Dawn Edition) 9 Bejeweled
70%
evermore 11 cowboy like me
70%
Lover 18 Daylight
70%
Midnights (Til Dawn Edition) 20 Dear Reader
70%
evermore 9 coney island (feat. The National)
70%
Red (Taylor's Version) 23 Nothing New (feat. Phoebe Bridgers)
70%
The Tortured Poets Department: The Anthology 2 The Tortured Poets Department
70%
evermore 8 dorothea
70%
The Life of a Showgirl 5 Eldest Daughter
70%
Speak Now (Taylor's Version) 9 Enchanted
70%
folklore 13 epiphany
70%
evermore 15 evermore (feat. Bon Iver)
70%
folklore 4 exile (feat. Bon Iver)
70%
Speak Now (Taylor's Version) 21 Foolish One
70%
Red (Taylor's Version) 27 Forever Winter
70%
The Tortured Poets Department: The Anthology 1 Fortnight (feat. Post Malone)
70%
evermore 3 gold rush
70%
reputation 8 Gorgeous
70%
Speak Now (Taylor's Version) 12 Haunted
70%
Midnights (Til Dawn Edition) 21 Hits Different
70%
folklore 16 hoax
70%
1989 (Taylor's Version) 10 How You Get the Girl
70%
reputation 3 I Did Something Bad
70%
Lover 1 I Forgot That You Existed
70%
Red (Taylor's Version) 4 I Knew You Were Trouble
70%
1989 (Taylor's Version) 12 I Know Places
70%
folklore 10 illicit affairs
70%
Lover 17 It's Nice To Have A Friend
70%
evermore 17 it's time to go
70%
evermore 10 ivy
70%
1989 (Taylor's Version) 7 I Wish You Would
70%
reputation 10 King of My Heart
70%
Midnights (Til Dawn Edition) 10 Labyrinth
70%
Lover 11 London Boy
70%
evermore 12 long story short
70%
evermore 13 marjorie
70%
Midnights (Til Dawn Edition) 2 Maroon
70%
Midnights (Til Dawn Edition) 13 Mastermind
70%
1989 (Taylor's Version) 16 New Romantics
70%
The Life of a Showgirl 3 Opalite
70%
1989 (Taylor's Version) 4 Out of the Woods
70%
folklore 15 peace
70%
evermore 16 right where you left me
70%
Red (Taylor's Version) 21 Ronan
70%
1989 (Taylor's Version) 18 Say Don't Go
70%
Lover 12 Soon You'll Get Better (feat. Dixie Chicks)
70%
Taylor Swift (Deluxe) 8 Stay Beautiful
70%
Red (Taylor's Version) 9 Stay Stay Stay
70%
Fearless (Taylor's Version) 8 Tell Me Why
70%
folklore 17 the lakes
70%
Red (Taylor's Version) 10 The Last Time (feat. Gary Lightbody)
70%
The Life of a Showgirl 12 The Life of a Showgirl (feat. Sabrina Carpenter)
70%
Taylor Swift (Deluxe) 7 Tied Together With a Smile
70%
evermore 4 'tis the damn season
70%
Midnights (Til Dawn Edition) 8 Vigilante Sh*t
70%
Red (Taylor's Version) 8 We Are Never Ever Getting Back Together
70%
Midnights (Til Dawn Edition) 19 Would've, Could've, Should've
70%
Fearless (Taylor's Version) 9 You're Not Sorry
70%
Taylor Swift (Deluxe) 14 A Perfectly Good Heart
65%
Taylor Swift (Deluxe) 4 A Place In This World
65%
Red (Taylor's Version) 16 Begin Again
65%
Red (Taylor's Version) 22 Better Man
65%
The Life of a Showgirl 10 CANCELLED!
65%
Fearless (Taylor's Version) 17 Come In With the Rain
65%
Lover 10 Death By A Thousand Cuts
65%
evermore 6 no body, no crime (feat. HAIM)
65%
Fearless (Taylor's Version) 25 Don't You
65%
The Life of a Showgirl 2 Elizabeth Taylor
65%
The Life of a Showgirl 4 Father Figure
65%
Midnights (Til Dawn Edition) 18 Glitch
65%
evermore 7 happiness
65%
Midnights (Til Dawn Edition) 17 High Infidelity
65%
The Life of a Showgirl 11 Honey
65%
Taylor Swift (Deluxe) 12 I'm Only Me When I'm With You
65%
Speak Now (Taylor's Version) 11 Innocent
65%
folklore 11 invisible string
65%
Lover 6 I Think He Knows
65%
The Tortured Poets Department: The Anthology 12 loml
65%
Lover 7 Miss Americana & The Heartbreak Prince
65%
Midnights (Til Dawn Edition) 7 Question... ?
65%
Red (Taylor's Version) 12 Sad Beautiful Tragic
65%
Red (Taylor's Version) 15 Starlight
65%
Midnights (Til Dawn Edition) 12 Sweet Nothing
65%
Fearless (Taylor's Version) 24 That's When (feat. Keith Urban)
65%
Fearless (Taylor's Version) 12 The Best Day
65%
The Tortured Poets Department: The Anthology 17 The Black Dog
65%
The Tortured Poets Department: The Anthology 29 The Bolter
65%
The Life of a Showgirl 1 The Fate of Ophelia
65%
Midnights (Til Dawn Edition) 14 The Great War
65%
folklore 3 the last great american dynasty
65%
Fearless (Taylor's Version) 19 The Other Side of the Door
65%
Speak Now (Taylor's Version) 22 Timeless
65%
Fearless (Taylor's Version) 20 Today Was A Fairytale
65%
evermore 5 tolerate it
65%
Red (Taylor's Version) 3 Treacherous
65%
Fearless (Taylor's Version) 15 Untouchable
65%
The Tortured Poets Department: The Anthology 10 Who's Afraid of Little Old Me?
65%
The Life of a Showgirl 8 Wish List
65%
The Life of a Showgirl 9 Wood
65%
Lover 14 You Need To Calm Down
65%
Midnights (Til Dawn Edition) 5 You're on Your Own, Kid
65%
The Life of a Showgirl 7 Actually Romantic
60%
Midnights (Til Dawn Edition) 15 Bigger Than The Whole Sky
60%
Fearless (Taylor's Version) 7 Breathe (feat. Colbie Caillat)
60%
Fearless (Taylor's Version) 26 Bye Bye Baby
60%
The Tortured Poets Department: The Anthology 27 Cassandra
60%
Fearless (Taylor's Version) 13 Change
60%
The Tortured Poets Department: The Anthology 16 Clara Bow
60%
evermore 14 closure
60%
Red (Taylor's Version) 18 Come Back... Be Here
60%
The Tortured Poets Department: The Anthology 8 Florida!!! (feat. Florence + The Machine)
60%
Red (Taylor's Version) 26 I Bet You Think About Me (feat. Chris Stapleton)
60%
The Tortured Poets Department: The Anthology 13 I Can Do It With a Broken Heart
60%
Fearless (Taylor's Version) 21 You All Over Me (feat. Maren Morris)
60%
The Tortured Poets Department: The Anthology 4 Down Bad
60%
The Tortured Poets Department: The Anthology 7 Fresh Out the Slammer
60%
The Tortured Poets Department: The Anthology 9 Guilty as Sin?
60%
Red (Taylor's Version) 7 I Almost Do
60%
The Tortured Poets Department: The Anthology 23 I Hate It Here
60%
The Tortured Poets Department: The Anthology 18 imgonnagetyouback
60%
Fearless (Taylor's Version) 14 Jump Then Fall
60%
folklore 12 mad woman
60%
Red (Taylor's Version) 25 Message In A Bottle
60%
Speak Now (Taylor's Version) 8 Never Grow Up
60%
The Tortured Poets Department: The Anthology 30 Robin
60%
The Life of a Showgirl 6 Ruin The Friendship
60%
The Tortured Poets Department: The Anthology 22 So High School
60%
The Tortured Poets Department: The Anthology 5 So Long, London
60%
The Tortured Poets Department: The Anthology 15 The Alchemy
60%
The Tortured Poets Department: The Anthology 31 The Manuscript
60%
The Tortured Poets Department: The Anthology 26 The Prophecy
60%
Red (Taylor's Version) 29 The Very First Night
60%
Fearless (Taylor's Version) 10 The Way I Loved You
60%
folklore 9 this is me trying
60%
Fearless (Taylor's Version) 23 We Were Happy
60%
The Tortured Poets Department: The Anthology 6 But Daddy I Love Him
55%
The Tortured Poets Department: The Anthology 3 My Boy Only Breaks His Favorite Toys
55%
The Tortured Poets Department: The Anthology 14 The Smallest Man Who Ever Lived
55%
Midnights (Til Dawn Edition) 24 You're Losing Me (From The Vault)
55%
Red (Taylor's Version) 19 Girl At Home
55%
Red (Taylor's Version) 11 Holy Ground
55%
The Tortured Poets Department: The Anthology 21 How Did it End?
55%
The Tortured Poets Department: The Anthology 11 I Can Fix Him (No Really I Can)
55%
The Tortured Poets Department: The Anthology 25 I Look in People's Windows
55%
The Tortured Poets Department: The Anthology 28 Peter
55%
The Tortured Poets Department: The Anthology 24 thanK you aIMee
55%
Red (Taylor's Version) 13 The Lucky One
55%
The Tortured Poets Department: The Anthology 20 Chloe or Sam or Sophia or Marcus
50%
1989 (Taylor's Version) 22 Sweeter Than Fiction
50%
The Tortured Poets Department: The Anthology 19 The Albatross
50%
Red (Taylor's Version) 17 The Moment I Knew
50%
No matching quizzes found
Score Distribution
Percent of People with Each Score
Percentile by Number Answered
Your Score History
You have not taken this quiz